Tư duy nghệ thuật thơ Lê Đạt qua tập Bóng chữ
Tư duy nghê thuật và tư duy nghệ thuật thơ Lê Đạt; Các kiểu tư duy nghệ thuật thơ Lê Đạt qua tập Bóng chữ...
Αποθηκεύτηκε σε:
| Κύριος συγγραφέας: | |
|---|---|
| Άλλοι συγγραφείς: | |
| Μορφή: | Βιβλίο |
| Έκδοση: |
Đà Nẵng
Đại học Đà Nẵng
2011
|
| Θέματα: | |
| Ετικέτες: |
Προσθήκη ετικέτας
Δεν υπάρχουν, Καταχωρήστε ετικέτα πρώτοι!
|
| Thư viện lưu trữ: | Mạng thư viện Đại học Đà Nẵng |
|---|
| LEADER | 01541nam a2200325 4500 | ||
|---|---|---|---|
| 001 | 000017648 | ||
| 003 | 14069 | ||
| 005 | 20130830160858.0 | ||
| 008 | 130509s2011 sd | ||
| 082 | |a 895.92213 |b NG-V | ||
| 100 | |a Nguyễn Hữu Vinh | ||
| 245 | |a Tư duy nghệ thuật thơ Lê Đạt qua tập Bóng chữ |c Nguyễn Hữu Vinh ; hướng dẫn Hồ Thế Hà |k Luận văn Thạc sĩ | ||
| 260 | |a Đà Nẵng |b Đại học Đà Nẵng |c 2011 | ||
| 300 | |a 116 tr. |c 29 cm. |e Đĩa CD, tài liệu tóm tắt | ||
| 500 | |a Luận văn thạc sĩ Khoa học xã hội và nhân văn. Chuyên ngành: Văn học Việt Nam. Mã số: 60.22.34 | ||
| 520 | |a Tư duy nghê thuật và tư duy nghệ thuật thơ Lê Đạt; Các kiểu tư duy nghệ thuật thơ Lê Đạt qua tập Bóng chữ... | ||
| 600 | 1 | 4 | |a Lê Đạt |d 1929-2008 |t Bóng chữ |
| 650 | 0 | 4 | |a Thơ Việt Nam |v Luận văn tốt nghiệp |x Nghiên cứu |
| 653 | |a Văn học Việt Nam |a Tập thơ Bóng chữ |a Thơ | ||
| 700 | |a Hồ Thế Hà |c PGS.TS |e Hướng dẫn | ||
| OWN | |a LSP | ||
| AVA | |a UDN50 |b LSP |d 895.92213 NG-V |e available |t Error 5001 Not defined in file expand_doc_bib_avail. |f 1 |g 0 |h N |i 0 |k 1 | ||
| 999 | |a From the UDN01 | ||
| AVA | |a UDN50 |b LSP |d 895.92213 NG-V |e available |t Error 5001 Not defined in file expand_doc_bib_avail. |f 1 |g 0 |h N |i 0 |k 1 | ||
| TYP | |a Monograph | ||
| TYP | |a Printed language | ||
| 980 | |a Mạng thư viện Đại học Đà Nẵng | ||